Musical Composition to Composer - Statistics

General Stats
  • This quiz has been taken 86 times
  • The average score is 7 of 10
Answer Stats
Hint Answer % Correct
Für Elise Beethoven
100%
Swan Lake Tchaikovsky
90%
The Art of Fugue J.S. Bach
79%
Canon in D Major Pachelbel
76%
The Messiah Handel
74%
In the Hall of the Mountain King Grieg
69%
The Planets Holst
67%
New World Symphony Dvořák
66%
The Swan Saint-Saëns
55%
An Alpine Symphony Strauss
33%
No matching quizzes found
Score Distribution
Percent of People with Each Score
Percentile by Number Answered
Your Score History
You have not taken this quiz